Most Common Names For Pets: Dogs - Boy - Statistics

General Stats
  • This quiz has been taken 1,568 times
  • The average score is 19 of 100
Answer Stats
FL Boy Dog % Correct
B Bo
77%
M Max
63%
J Jack
59%
C Charlie
51%
B Buddy
50%
S Sam
47%
O Oliver
42%
G George
37%
H Henry
37%
R Rex
37%
O Oscar
35%
L Leo
32%
O Ollie
31%
R Rocky
30%
J Jake
29%
B Bailey
28%
M Milo
28%
S Spot
28%
T Teddy
27%
B Benny
26%
B Bear
25%
B Benji
25%
C Cooper
25%
T Toby
25%
B Buster
24%
D Duke
24%
L Luke
24%
J Jackson
23%
P Prince
23%
Z Zeus
23%
B Blue
22%
L Lucky
22%
B Bruce
21%
J Joey
21%
M Marley
21%
B Bruno
20%
L Louie
20%
M Mickey
19%
B Baxter
18%
H Hunter
18%
R Riley
18%
C Cody
17%
H Hank
17%
J Jasper
17%
O Otis
17%
W Winston
17%
B Brian
16%
C Chase
16%
D Dexter
16%
H Harley
16%
T Thor
16%
T Tucker
16%
F Finn
15%
R Rusty
14%
B Bentley
13%
G Gus
13%
L Loki
13%
O Oreo
13%
R Rufus
13%
S Shadow
13%
S Scout
12%
B Brady
11%
R Rudy
11%
S Simba
11%
A Ace
10%
A Apollo
10%
M Moose
10%
M Murphy
10%
T Tyson
10%
B Bandit
9%
C Chance
9%
G Gunner
9%
R Rocco
9%
R Romeo
9%
S Spike
9%
C Cash
8%
K Kobe
8%
P Peanut
8%
S Samson
8%
B Boomer
7%
C Copper
7%
D Diesel
7%
E Elvis
7%
G Gizmo
7%
K Koda
7%
M Maverick
7%
R Ranger
7%
S Sparky
7%
T Toto
7%
B Barkley
5%
R Roscoe
5%
B Bubba
4%
C Chewy
4%
D Dakota
4%
C Chico
3%
S Scooter
3%
V Vader
3%
B Boo boo
2%
S Snickers
2%
No matching quizzes found
Score Distribution
Percent of People with Each Score
Percentile by Number Answered
Your Score History
You have not taken this quiz